Buchführung-Leitlinien und Organisation
Na minha lista:
| Formato: | Livro |
|---|---|
| Idioma: | alemão |
| Publicado em: |
Wiesbaden
Gabler
1991
|
| Edição: | 1. Aufl. |
| Assuntos: | |
| Tags: |
Sem tags, seja o primeiro a adicionar uma tag!
|
MARC
| LEADER | 00000nam a2200000 4500 | ||
|---|---|---|---|
| 001 | c000206 | ||
| 005 | 20221214102011.3 | ||
| 020 | |a 3-409-13968-0 | ||
| 041 | 0 | |a ger | |
| 044 | |a DE | ||
| 245 | 1 | 0 | |a Buchführung-Leitlinien und Organisation |
| 250 | |a 1. Aufl. | ||
| 264 | 1 | |a Wiesbaden |b Gabler |c 1991 | |
| 300 | |a 112 s. | ||
| 610 | 2 | 0 | |a účtovníctvo |
| 610 | 2 | 0 | |a knihy účtovné |
| 610 | 2 | 0 | |a normy právne |
| 610 | 2 | 0 | |a inventúra |
| 610 | 2 | 0 | |a účty |
| 610 | 2 | 0 | |a uzávierka účtovná |
| 610 | 2 | 0 | |a výkazy účtovné |
| 610 | 2 | 0 | |a výsledok hospodársky |
| 610 | 2 | 0 | |a účty výsledkové |
| 610 | 2 | 0 | |a účty súvahové |